Carnotite deposits in the Carrizo Mountains area, Navajo Indian Reservation, Apache County, Arizona, and San Juan County, New Mexico. (Record no. 28581)

MARC details
000 -LEADER
fixed length control field 00881cam a22002651 4500
001 - CONTROL NUMBER
control field gs 51000249
003 - CONTROL NUMBER IDENTIFIER
control field DLC
005 - DATE AND TIME OF LATEST TRANSACTION
control field 20260227111358.0
008 - FIXED-LENGTH DATA ELEMENTS--GENERAL INFORMATION
fixed length control field 781104s1951 dcuab f000 0 eng c
010 ## - LIBRARY OF CONGRESS CONTROL NUMBER
LC control number gs 51000249
035 ## - SYSTEM CONTROL NUMBER
System control number (OCoLC)4346970
040 ## - CATALOGING SOURCE
Original cataloging agency U.S. Geol. Survey Libr.
Transcribing agency UU
Modifying agency DLC
042 ## - AUTHENTICATION CODE
Authentication code premarc
050 00 - LIBRARY OF CONGRESS CALL NUMBER
Classification number QE75
Item number .C5 no. 111
051 ## - LIBRARY OF CONGRESS COPY, ISSUE, OFFPRINT STATEMENT
Classification number TN948.R3
Item number S72
Copy information Copy 2.
086 0# - GOVERNMENT DOCUMENT CLASSIFICATION NUMBER
Classification number I 19.4:111
-- I 19.4/2:111
100 1# - MAIN ENTRY--PERSONAL NAME
Personal name Stokes, William Lee,
Dates associated with a name 1915-
245 10 - TITLE STATEMENT
Title Carnotite deposits in the Carrizo Mountains area, Navajo Indian Reservation, Apache County, Arizona, and San Juan County, New Mexico.
260 ## - PUBLICATION, DISTRIBUTION, ETC.
Place of publication, distribution, etc. [Washington]
Date of publication, distribution, etc. 1951
300 ## - PHYSICAL DESCRIPTION
Extent 5 p.
Other physical details fold. col. map.
Dimensions 27 cm.
490 1# - SERIES STATEMENT
Series statement Geological Survey circular 111
500 ## - GENERAL NOTE
General note Cover title.
650 #0 - SUBJECT ADDED ENTRY--TOPICAL TERM
Topical term or geographic name entry element Carnotite.
810 2# - SERIES ADDED ENTRY--CORPORATE NAME
Corporate name or jurisdiction name as entry element Geological Survey (U.S.).
Title of a work Geological Survey circular ;
Volume/sequential designation 111.

No items available.

Powered by Koha